The resurrected life. (Record no. 7607)

000 -LEADER
fixed length control field 00536nam a2200181 a 4500
001 - CONTROL NUMBER
control field :::00005368$&:&@@
003 - CONTROL NUMBER IDENTIFIER
control field OkBaRHE
005 - DATE AND TIME OF LATEST TRANSACTION
control field 20000607103325.0
008 - FIXED-LENGTH DATA ELEMENTS--GENERAL INFORMATION
fixed length control field s1965 j 000 0 eng u
040 ## - CATALOGING SOURCE
Transcribing agency
100 1# - MAIN ENTRY--PERSONAL NAME
Personal name Mumaw, John Rudy, 1904-
245 14 - TITLE STATEMENT
Title The resurrected life.
260 ## - PUBLICATION, DISTRIBUTION, ETC. (IMPRINT)
Place of publication, distribution, etc Scottdale, PA., :
Name of publisher, distributor, etc Herald Press
Date of publication, distribution, etc c1965
300 ## - PHYSICAL DESCRIPTION
Extent 160 p. ;
Dimensions 20 cm.
650 ## - SUBJECT ADDED ENTRY--TOPICAL TERM
Topical term or geographic name as entry element Jesus Christ
General subdivision Resurrection
942 ## - ADDED ENTRY ELEMENTS (KOHA)
Source of classification or shelving scheme
Koha item type Books
Copies
Barcode Permanent Location Shelving location Withdrawn status Koha item type Damaged status Price effective from Date last seen Lost status Full call number Date acquired Copy number Source of classification or shelving scheme Not for loan
5368RHEMA Bible Training CollegeGeneral Stacks Books 2010-04-142010-04-14 BT 481 .M82010-04-141